Geography Quiz

Random Geography or City Quiz

Partial MSA Quiz Stats

 Plays Quiz not verified by Sporcle

Challenge
Share
Tweet
Embed
Score 0/40 Timer 05:00
0 Plays Today
MSA City % Correct
-Long Beach-Santa AnaLos Angeles (CA)
99%
-St. Petersburg-ClearwaterTampa (FL)
98%
-Arlington-AlexandriaWashington (DC-VA-MD-WV)
97%
-St. Paul-BloomingtonMinneapolis (MN-WI)
97%
-Norfolk-Newport NewsVirginia Beach (VA-NC)
96%
-Camden-WilmingtonPhiladelphia (PA-NJ-DE-MD)
95%
-Tacoma-BellevueSeattle (WA)
95%
-Davidson-Murfreesboro-FranklinNashville (TN)
94%
-Naperville-JolietChicago (IL-IN-WI)
94%
-North Little Rock-ConwayLittle Rock (AR)
93%
-Vancouver-BeavertonPortland (OR-WA)
93%
-Fort Worth-ArlingtonDallas (TX)
93%
-Aurora-BroomfieldDenver (CO)
93%
-Sugar Land-BaytownHouston (TX)
93%
-Warren-LivoniaDetroit (MI)
91%
-Waukesha-West AllisMilwaukee (WI)
90%
-Sunnyvale-Santa ClaraSan Jose (CA)
90%
-San Bernardino-OntarioRiverside (CA)
89%
-Carlsbad-San MarcosSan Diego (CA)
88%
-Schenectady-TroyAlbany (NY)
88%
MSA City % Correct
-ParadiseLas Vegas (NV)
87%
-Metairie-KennerNew Orleans (LA)
85%
-Sandy Springs-MariettaAtlanta (GA)
84%
-Arden-Arcade-RosevilleSacramento (CA)
83%
-Round Rock-San MarcosAustin (TX)
83%
-Stamford-NorwalkBridgeport (CT)
80%
-Gastonia-ConcordCharlotte (NC-SC)
80%
-Council BluffsOmaha (NE-IA)
78%
-Fort Lauderdale-Pompano BeachMiami (FL)
64%
-Mesa-ScottsdalePhoenix (AZ)
64%
-Niagara FallsBuffalo (NY)
64%
-Northern New Jersey-Long IslandNew York (NY-NJ-PA)
63%
-KissimmeeOrlando (FL)
60%
-TowsonBaltimore (MD)
57%
-New Bedford-Fall RiverProvidence (RI-MA)
56%
-Cambridge-QuincyBoston (MA-NH)
49%
-Oakland-FremontSan Francisco (CA)
49%
-Thousand Oaks-VenturaOxnard (CA)
48%
-CarmelIndianapolis (IN)
39%
-Elyria-MentorCleveland (OH)
39%

You're not logged in!

Compare scores with friends on all Sporcle quizzes.
Join for Free
OR
Log In

You Might Also Like...

Show Comments

Extras

Top Quizzes Today


Score Distribution

Your Account Isn't Verified!

In order to create a playlist on Sporcle, you need to verify the email address you used during registration. Go to your Sporcle Settings to finish the process.

Report this User

Report this user for behavior that violates our Community Guidelines.

Details: